Obálka Náhled e-knihy:
PDF Epub
Pro půjčování e-knih musíte být přihlášeni.
Jak si půjčit online?

Jezdecká akademie. Ztracená důvěra /

Pokračování a závěrečný díl série z prostředí jezdecké akademie v kanadské divočině, kde se koně, láska a zločin prolínají světem dospívajících dívek a chlapců.

Uloženo v:
Série:Jezdecká akademie (Gina Mayer), část 4
Hlavní autor: Mayer, Gina, 1965- (Autor)
Další autoři: Zündorf, Iva, 1962- (Autor)
Médium: E-kniha
Jazyk:Czech
Vydáno: Praha : Dobrovský s.r.o., 2025
Edice:King Cool
Témata:
Příbuzné jednotky:Přeloženo z: Pferdeflüsterer-Academy
Z cyklu:: Jezdecká akademie (Gina Mayer)
Tagy:
Žádné tagy
LEADER 02958nam a2200541 i 4500
001 312667
003 CZ PrSKC
005 20260601215726.0
007 ta
008 250304s2025 xr c 000 f cze
015 |a cnb003567490 
020 |a 9788027723430  |q (vázáno) :  |c Kč 349,00 
035 |a (OCoLC)1519101504 
040 |a ABG001  |b cze  |d OLA001  |e rda 
041 1 |a cze  |h ger 
072 7 |a 821.112.2-3  |x Německá próza, německy psaná  |2 Konspekt 
072 7 |a 821-93  |x Literatura pro děti a mládež (beletrie)  |2 Konspekt 
080 |a 821.112.2-31  |2 MRF 
080 |a 821-93  |2 MRF 
080 |a (0:82-31)-055.25  |2 MRF 
100 1 |a Mayer, Gina,  |d 1965-  |7 xx0204280  |4 aut 
240 1 0 |a Verletztes Vertrauen.  |l Česky 
245 1 0 |a Jezdecká akademie.  |p Ztracená důvěra /  |c Gina Mayer ; přeložila Iva Zündorf 
246 3 0 |a Ztracená důvěra 
264 1 |a Praha :  |b Dobrovský s.r.o.,  |c 2025 
300 |a 202 stran ;  |c 21 cm 
336 |a text  |b txt  |2 rdacontent 
337 |a bez média  |b n  |2 rdamedia 
338 |a svazek  |b nc  |2 rdacarrier 
490 1 |a King Cool 
500 |a Přeloženo z němčiny 
520 2 |a Pokračování a závěrečný díl série z prostředí jezdecké akademie v kanadské divočině, kde se koně, láska a zločin prolínají světem dospívajících dívek a chlapců.  |b Zoe a Isabelle se věnují jezdectví a jsou nejlepší kamarádky, které nikdo a nic nemůže rozdělit. Možná jediný člověk. Trochu záhadný jezdec Cyprian. Zoe a Isabelle o něm spolu nedokážou mluvit, protože jsou do něj obě zamilované. Když se Isabelle a Cyprian musí starat o jednoho těžce zvladatelného koně, Zoe se cítí osamělá a zraněná lidmi, kteří pro ni znamenali nejvíc. O to víc se Zoe upne ke Cathy, divoké samotářce, která vychází lépe s koňmi než s lidmi. Přitom však otevře Pandořinu skříňku její minulosti. Nakladatelská anotace. Kráceno. 
655 7 |a německé romány  |7 fd132945  |2 czenas 
655 7 |a dívčí romány  |7 fd132186  |2 czenas 
655 7 |a publikace pro mládež  |7 fd133157  |2 czenas 
655 9 |a German fiction  |2 eczenas 
655 9 |a girls' novels  |2 eczenas 
655 9 |a juvenile literature  |2 eczenas 
700 1 |a Zündorf, Iva,  |d 1962-  |7 jn20001227745  |4 trl 
710 2 |a Dobrovský (firma)  |7 olak2017946581  |4 pbl 
765 0 |t Pferdeflüsterer-Academy 
787 0 8 |i Z cyklu:  |t Jezdecká akademie (Gina Mayer)  |g 4 
830 0 |a King Cool 
900 |a ABA001  |b 20 
044 |a xr 
910 |a RBIT002 
998 |d 417765  |a https://core.palmknihy.cz/api/books/417765/cover?ssyh49  |b https://core.palmknihy.cz/api/books/417765/cover/400?ssyh49  |c https://core.palmknihy.cz/api/books/417765/cover/50?ssyh49  |e 2030-02-23  |g 208  |i 9788027723430  |j https://core.palmknihy.cz/api/books/417765/preview.epub  |k https://core.palmknihy.cz/api/books/417765/preview.pdf  |l   |q 49  |r 1  |s https://www.palmknihy.cz/kniha/417765  |t ebook  |y 2025  |z 0  |v Jezdecká akademie  |w 4 
999 |d 312665